00508nam a22001817a 450000500170000000800410001701000130005802000230007102000260009403500130012004000120013305000150014508200150016010000230017524500620019826000440026030000220030420200104154227.0200104b ||||| |||| 00| 0 eng d aB-167560 a8120327721c395.00 a9788120327726c395.00 aB-167560 adplben a621.381173 a621.381173 aKamran, Eshraghian aEssential of VLSI circuit & system/cby Eshragrian Kamran aNew DelhibPrentice Hall of Indiac2005 a492pc23cemi(pbk)